Szczegóły MARC21

XVII [siedemnaste] Seminarium Ekonometryczne im. Profesora ZbigniewaPawłowskiego : materiały z XXXV Konferencji Statystyków, Ekonometryków i Matematyków Akademii Ekonomicznych Polski Południowej zorganizowanej przez Katedr ę Statystyki Akademii Ekonomicznej w Krakowie (Osieczany, 23-25 III 19 99 r.) /

005 -DATA I CZAS OSTATNIEJ MODYFIKACJI [,]
    • @
    • pole kontrolne
    • 20070315155141.9
020 -Międzynarod. znormalizowany nr książki - ISBN [ , ]
    • a
    • Numer ISBN
    • 8372520526 Find
040 -Instytucja sporządzająca opis [ , ]
    • a
    • Instytucja, która sporządziła opis (NP)
    • SZCZ U
    • c
    • Instytucja, która sporządziła rekord (NP)
    • SZCZ U
041 -Język dokumentu [0, ]
    • a
    • Język tekstu (P)
    • polski
    • h
    • Język tekstu oryginalnego i/lub pośredniego (P)
    • polski
942 -Rodzaj dokumentu [ , ]
    • c
    • Rodzaj dokumentu
    • Książka
245 -Strefa tytułu i oznaczenia odpowiedzialności [0, ]
    • a
    • Tytuł
    • XVII [siedemnaste] Seminarium Ekonometryczne im. Profesora ZbigniewaPawłowskiego : Find
    • b
    • Ciąg dalszy tytułu (NP)
    • materiały z XXXV Konferencji Statystyków, Ekonometryków i Matematyków Akademii Ekonomicznych Polski Południowej zorganizowanej przez Katedr ę Statystyki Akademii Ekonomicznej w Krakowie (Osieczany, 23-25 III 19 99 r.) / Find
    • c
    • Pozostałe elementy strefy tytułu i oznaczenia odpowiedzialności (NP)
    • pod red. Aleksandra Zeliasia ; Akademia Ekonomiczna w Krakowie.
260 -Strefa adresu wydawniczego [ , ]
    • a
    • Miejsce wydania (P)
    • Kraków :
    • b
    • Nazwa wydawcy (P)
    • Wydaw.AE
    • c
    • Data wydania (P)
    • 2000.
300 -Strefa opisu fizycznego [ , ]
    • a
    • Określenie formy książki i/lub objętość (NP)
    • 195 s. :
    • b
    • Oznaczenie ilustracji (NP)
    • il. :
    • c
    • Format (NP)
    • 24 cm.
500 -Uwaga ogólna [ , ]
    • a
    • Uwaga ogólna (NP)
    • Bibliogr
080 -Uniwersalna Klasyfikacja Dziesiętna [ , ]
    • a
    • Symbol klasyfikacji
    • 519.86(061)
080 -Uniwersalna Klasyfikacja Dziesiętna [ , ]
    • a
    • Symbol klasyfikacji
    • :330.43(061)
980 -Symbol UKD [ , ]
    • a
    • UKD
    • 519.86:330.43](061)
700 -Hasło dodatkowe - nazwa osobowa [ , ]
    • a
    • Nazwa osobowa (NP)
    • Zeliaś Aleksander Find
920 -ISBN [ , ]
    • a
    • ISBN
    • 83-7252-052-6 Find
Numer inwentarzowy Status udost. Data inwentaryzacji Lokalizacja
S.89562-32002-05-07BE